Los partidos políticos colombianos : (Registro nro. 5240)
[ vista simple ]
| 000 -LEADER | |
|---|---|
| fixed length control field | 01083nam a2200241Ia 4500 |
| 003 - CONTROL NUMBER IDENTIFIER | |
| control field | OSt |
| 005 - DATE AND TIME OF LATEST TRANSACTION | |
| control field | 20200423223350.0 |
| 008 - FIXED-LENGTH DATA ELEMENTS--GENERAL INFORMATION | |
| fixed length control field | 191128s1983 ck gr 000 0 spa d |
| 040 ## - CATALOGING SOURCE | |
| Original cataloging agency | CO-JMCR |
| Transcribing agency | CO-JMCR |
| 041 0# - LANGUAGE CODE | |
| Language code of text/sound track or separate title | spa |
| 082 04 - DEWEY DECIMAL CLASSIFICATION NUMBER | |
| Classification number | 324.2 / |
| Item number | L171p |
| Edition number | 23 |
| 100 1# - MAIN ENTRY--PERSONAL NAME | |
| Personal name | Lara Bonilla, Rodrigo, |
| Relator term | autor |
| 9 (RLIN) | 3475 |
| 245 14 - TITLE STATEMENT | |
| Title | Los partidos políticos colombianos : |
| Remainder of title | presente y futuro / |
| Statement of responsibility, etc. | Rodrigo Lara Bonilla, Rodrigo Lozada Lora y Humberto Uribe Toro |
| 260 ## - PUBLICATION, DISTRIBUTION, ETC. | |
| Place of publication, distribution, etc. | Bogotá : |
| Name of publisher, distributor, etc. | Pontificia Universidad Javeriana : Instituto de Capacitación Guillermo León Valencia : Fundación Simón Bolivar, |
| Date of publication, distribution, etc. | 1983 |
| 300 ## - PHYSICAL DESCRIPTION | |
| Extent | 242 páginas ; |
| Dimensions | 22 cm. |
| 490 0# - SERIES STATEMENT | |
| Series statement | Coloquios ; |
| Volume/sequential designation | 3 |
| 505 0# - FORMATTED CONTENTS NOTE | |
| Formatted contents note | La institucionalización de los partidos políticos -- A propósito del ejercicio de la oposición en Colombia -- Análisis de la organización interna de los partidos políticos Colombianos |
| 650 14 - SUBJECT ADDED ENTRY--TOPICAL TERM | |
| Topical term or geographic name entry element | Relaciones internacionales |
| 9 (RLIN) | 3476 |
| 650 14 - SUBJECT ADDED ENTRY--TOPICAL TERM | |
| Topical term or geographic name entry element | Política exterior |
| 9 (RLIN) | 3477 |
| 700 1# - ADDED ENTRY--PERSONAL NAME | |
| Personal name | Lozada Lora, Rodrigo, |
| Relator term | autor |
| 9 (RLIN) | 3478 |
| 700 1# - ADDED ENTRY--PERSONAL NAME | |
| Personal name | Uribe Toro, Humberto, |
| Relator term | autor |
| 9 (RLIN) | 3479 |
| 942 ## - ADDED ENTRY ELEMENTS (KOHA) | |
| Source of classification or shelving scheme | Dewey Decimal Classification |
| Koha item type | Books |
| Withdrawn status | Lost status | Source of classification or shelving scheme | Damaged status | Not for loan | Collection code | Home library | Current library | Date acquired | Source of acquisition | Cost, normal purchase price | Total Checkouts | Full call number | Barcode | Date last seen | Copy number | Koha item type |
|---|---|---|---|---|---|---|---|---|---|---|---|---|---|---|---|---|
| Dewey Decimal Classification | Non-fiction | Biblioteca Pública José María del Castillo y Rada | Biblioteca Pública José María del Castillo y Rada | 04/15/2018 | Donación | 0.00 | 324.2 / L171p | 430001560 | 05/16/2024 | Ej.1 | Books |